000 00446 a2200169 4500
005 20260328100406.0
008 260328b |||||||| |||| 00| 0 eng d
020 _a9789364872508
080 _aFM
_bERP/K
100 _aErpenbeck,Jenny
245 _aKairos(കയ്റോസ്)
260 _bD C books
_aKottayam.
_c2025.
300 _a366p.
653 _aFiction-Novel-Malayalam Literature
700 _aBabu Thaliath;tr.by
942 _cOO
999 _c115303
_d115302